[Event "Lanaudiere"]
[Site "Repentigny CAN"]
[Date "2008.08.16"]
[Round "2"]
[White "Leutschaft, Martin"]
[Black "Trottier, Yves"]
[Result "1-0"]
[WhiteElo "2121"]
[BlackElo "1942"]
[PlyCount "89"]
[GameId "2160767910336662"]
[EventDate "2008.08.15"]
[EventType "swiss"]
[EventRounds "5"]
[EventCountry "CAN"]
[SourceTitle "FQE 04"]

1. d4 d5 2. Nf3 Bf5 3. c4 e6 4. e3 c6 5. Qb3 Qb6 6. c5 Qxb3 7. axb3 Be7 8. b4 Nd7 9. b5 Ngf6 10. bxc6 bxc6 11. Ba6 Rb8 12. Nc3 O-O 13. O-O Rfe8 14. Ne1 e5 15. Bd3 Bxd3 16. Nxd3 Rb7 17. Ra6 Rc8 18. dxe5 Ne4 19. Nxd5 Bxc5 20. Nc3 Nxc3 21. bxc3 Bf8 22. Ba3 Bxa3 23. Rxa3 Re8 24. Rfa1 Ra8 25. Kf1 Kf8 26. f4 Ke8 27. Ke2 Kd8 28. Ra6 Nb8 29. R6a5 a6 30. Nb4 Rb6 31. Rd1+ Kc7 32. Kf3 Rb5 33. Rda1 Kb6 34. Rxb5+ Kxb5 35. Na2 Kc4 36. Rb1 Nd7 37. Rb4+ Kc5 38. Rb7 Rd8 39. Ke4 g6 40. g4 Kc4 41. Rb4+ Kc5 42. Nc1 f5+ 43. gxf5 gxf5+ 44. Kxf5 Nb6 45. Nb3+ 1-0

[Event "Lanaudiere"]
[Site "Repentigny CAN"]
[Date "2008.08.16"]
[Round "2"]
[White "Ramaswamy, Kiran"]
[Black "Trinh, Tri Bao"]
[Result "0-1"]
[WhiteElo "1801"]
[BlackElo "2089"]
[PlyCount "70"]
[GameId "2160767910336663"]
[EventDate "2008.08.15"]
[EventType "swiss"]
[EventRounds "5"]
[EventCountry "CAN"]
[SourceTitle "FQE 04"]

1. c4 e5 2. g3 Nc6 3. Bg2 g6 4. Nc3 Bg7 5. d3 d6 6. e4 f5 7. exf5 Bxf5 8. Nge2 Nf6 9. Bg5 h6 10. Be3 Ng4 11. Nd5 Qd7 12. Nec3 a6 13. Qd2 Rb8 14. Ne4 O-O 15. h3 Nxe3 16. Qxe3 Nd4 17. Qd2 b6 18. O-O-O Be6 19. Nec3 b5 20. Rdf1 bxc4 21. dxc4 c6 22. Ne3 Nf3 23. Qd3 g5 24. g4 Qb7 25. b3 d5 26. Na4 e4 27. Qe2 Qe7 28. Nf5 Bxf5 29. gxf5 Rxf5 30. Rd1 Qe5 31. Nb2 d4 32. Bxf3 Rxf3 33. Rhe1 d3 34. Qd2 Qd4 35. Re3 Rbf8 0-1

[Event "Lanaudiere"]
[Site "Repentigny CAN"]
[Date "2008.08.16"]
[Round "2"]
[White "Ye, Ling Feng"]
[Black "Le Duin, Thierry"]
[Result "1-0"]
[WhiteElo "2215"]
[BlackElo "1987"]
[PlyCount "91"]
[GameId "2160767910336664"]
[EventDate "2008.08.15"]
[EventType "swiss"]
[EventRounds "5"]
[EventCountry "CAN"]
[SourceTitle "FQE 04"]

1. e4 d5 2. exd5 Nf6 3. d4 Bg4 4. Bb5+ Nbd7 5. f3 Bf5 6. c4 e6 7. dxe6 fxe6 8. Ne2 c6 9. Ba4 Qc7 10. Bf4 Bd6 11. Bxd6 Qxd6 12. O-O O-O-O 13. Qd2 h5 14. Nbc3 h4 15. Qe3 Rdg8 16. d5 exd5 17. cxd5 Nxd5 18. Nxd5 cxd5 19. Bxd7+ Bxd7 20. Qxa7 Bc6 21. Nd4 Qb8 22. Qc5 Kd7 23. Rac1 Rc8 24. Rfe1 Qd6 25. Qxd6+ Kxd6 26. Nf5+ Kc7 27. Nxg7 Kb6 28. Nf5 Rcf8 29. Nd4 Rf4 30. Rcd1 Ra8 31. g3 hxg3 32. hxg3 Rf6 33. a3 Rg8 34. g4 Re8 35. Kg2 Ba4 36. b3 Bd7 37. Rxe8 Bxe8 38. g5 Rg6 39. f4 Bd7 40. Nf3 Bc6 41. f5 Rg8 42. Kg3 Kc5 43. Kf4 Kd6 44. g6 Be8 45. Kg5 b6 46. Nh4 1-0

[Event "Lanaudiere"]
[Site "Repentigny CAN"]
[Date "2008.08.15"]
[Round "3"]
[White "Jobin, Gilles G"]
[Black "Arseneault, Marc"]
[Result "0-1"]
[WhiteElo "1804"]
[BlackElo "1809"]
[PlyCount "74"]
[GameId "2160767910336666"]
[EventDate "2008.08.15"]
[EventType "swiss"]
[EventRounds "5"]
[EventCountry "CAN"]
[SourceTitle "EXT 2011"]
[Source "ChessBase"]
[SourceDate "2011.11.26"]
[SourceVersion "1"]
[SourceVersionDate "2011.11.26"]
[SourceQuality "1"]

1. e4 c5 2. Nf3 Nc6 3. d4 cxd4 4. Nxd4 d6 5. Nc3 g6 6. Be3 Nf6 7. Be2 Bg7 8. O-O O-O 9. Qd2 Re8 10. f4 Ng4 11. Bxg4 Bxg4 12. h3 Bd7 13. Rad1 a6 14. f5 Ne5 15. Qf2 b5 16. a3 Rc8 17. Nd5 e6 18. fxe6 Bxe6 19. Nxe6 Rxe6 20. Bd4 Qe8 21. b3 Nd7 22. Bxg7 Kxg7 23. Qd4+ f6 24. Nf4 Rxe4 25. Qxd6 Nb8 26. Qd3 Qe5 27. Nd5 Rd8 28. c4 bxc4 29. bxc4 Nc6 30. Rxf6 Rd4 31. Rxc6 Rxd3 32. Rxd3 Rb8 33. Nb4 a5 34. Rd7+ Kh6 35. Rcc7 axb4 36. axb4 Rxb4 37. Rxh7+ Kg5 0-1

[Event "Lanaudiere"]
[Site "Repentigny CAN"]
[Date "2008.08.15"]
[Round "3"]
[White "Lacroix, Serge"]
[Black "Chevalier, Francois"]
[Result "1/2-1/2"]
[WhiteElo "1848"]
[BlackElo "1776"]
[PlyCount "61"]
[GameId "2160767910336668"]
[EventDate "2008.08.15"]
[EventType "swiss"]
[EventRounds "5"]
[EventCountry "CAN"]
[SourceTitle "FQE 04"]

1. d4 d5 2. c4 e6 3. Nc3 Nf6 4. Bg5 Be7 5. cxd5 exd5 6. e3 O-O 7. Qc2 Nbd7 8. Bd3 h6 9. Bh4 b6 10. Nf3 Bb7 11. O-O c5 12. Bf5 Ne4 13. Bxe7 Qxe7 14. Bxd7 Qxd7 15. dxc5 bxc5 16. Nxe4 dxe4 17. Rfd1 Qe7 18. Nd2 Rfd8 19. Nc4 Rxd1+ 20. Rxd1 Rd8 21. b3 Ba6 22. h3 Rxd1+ 23. Qxd1 Bxc4 24. bxc4 Qe6 25. Qb3 g5 26. a4 Qe5 27. Qb5 Qa1+ 28. Kh2 Qe5+ 29. Kg1 Qa1+ 30. Kh2 Qe5+ 31. Kg1 1/2-1/2

[Event "Lanaudiere"]
[Site "Repentigny CAN"]
[Date "2008.08.16"]
[Round "3"]
[White "Forget, Luc"]
[Black "De Lagrave, Sylvain"]
[Result "1/2-1/2"]
[WhiteElo "2157"]
[BlackElo "2025"]
[PlyCount "130"]
[GameId "2160767910336669"]
[EventDate "2008.08.15"]
[EventType "swiss"]
[EventRounds "5"]
[EventCountry "CAN"]
[SourceTitle "FQE 04"]

1. d4 Nf6 2. c4 c5 3. d5 e5 4. Nc3 d6 5. e4 Nbd7 6. Nf3 Be7 7. Be2 Nf8 8. O-O Ng6 9. Ne1 h5 10. Nd3 a6 11. a4 h4 12. Ra3 h3 13. g3 Nh7 14. Bg4 Bg5 15. f4 exf4 16. gxf4 Bf6 17. Be3 Bd4 18. Bf2 Qh4 19. Bxc8 Bxf2+ 20. Rxf2 Rxc8 21. Qf3 Nf6 22. e5 dxe5 23. fxe5 Qg4+ 24. Qg3 Qxg3+ 25. hxg3 Ng4 26. Re2 h2+ 27. Kh1 Rh3 28. Ne4 Kf8 29. Ndf2 Nxf2+ 30. Nxf2 Rh5 31. Rae3 Re8 32. Nd3 b6 33. Rxh2 Rxh2+ 34. Kxh2 f6 35. e6 Ke7 36. g4 Kd6 37. Kg3 b5 38. axb5 axb5 39. b3 bxc4 40. bxc4 Ra8 41. Nf2 Ne5 42. Ne4+ Ke7 43. Rb3 Ra7 44. Nxc5 Nxc4 45. Ne4 Ra3 46. Rxa3 Nxa3 47. Kf4 Nc4 48. Ng3 g6 49. Ke4 Nd6+ 50. Kd4 Ne8 51. Ne2 Kd6 52. Nc3 Ng7 53. Nb5+ Ke7 54. Ke4 Ne8 55. Na7 Nd6+ 56. Kf4 Ne8 57. Nc8+ Kd8 58. Nb6 Nc7 59. Ke4 Ke7 60. Nc8+ Kd8 61. Nd6 Ke7 62. Nc4 Ne8 63. g5 Ng7 64. gxf6+ Kxf6 65. Ne5 Nxe6 1/2-1/2

[Event "Lanaudiere"]
[Site "Repentigny CAN"]
[Date "2008.08.16"]
[Round "3"]
[White "Le Duin, Thierry"]
[Black "Gauthier, Denis"]
[Result "1-0"]
[WhiteElo "1967"]
[BlackElo "1918"]
[PlyCount "99"]
[GameId "2160767910336670"]
[EventDate "2008.08.15"]
[EventType "swiss"]
[EventRounds "5"]
[EventCountry "CAN"]
[SourceTitle "FQE 04"]

1. d4 Nf6 2. c4 e6 3. a3 c5 4. e3 d5 5. cxd5 exd5 6. dxc5 Bxc5 7. b4 Be7 8. Bb2 O-O 9. Nf3 a5 10. b5 Be6 11. Nbd2 Nbd7 12. Nd4 Nc5 13. Be2 Qd7 14. O-O Rac8 15. N2b3 Na4 16. Qb1 Nxb2 17. Qxb2 a4 18. Nd2 Ne4 19. Rfc1 Bf6 20. N2f3 Nc5 21. Nd2 Rfd8 22. Rd1 h6 23. Rac1 Bf5 24. Qb4 b6 25. N2f3 Be4 26. h3 Re8 27. Rd2 Red8 28. Rc3 Kh7 29. Bd1 Ra8 30. Ne1 Bf5 31. Rc1 Be6 32. Nc6 Re8 33. Nd3 Ne4 34. Re2 Bf5 35. Nb2 Bxh3 36. gxh3 Qxh3 37. Rec2 Bxb2 38. Qxb2 Re6 39. Ne5 Rae8 40. Bg4 Rg6 41. Nxg6 Qxg4+ 42. Kf1 Qxg6 43. f3 Qf5 44. Ke2 Nc5 45. Rd1 Qf4 46. Qc3 Qh2+ 47. Ke1 Qg1+ 48. Kd2 Qf2+ 49. Kc1 Qxf3 50. Re1 1-0

[Event "Lanaudiere"]
[Site "Repentigny CAN"]
[Date "2008.08.16"]
[Round "3"]
[White "Nunez-Painchaud, Raphael"]
[Black "Ramaswamy, Kiran"]
[Result "0-1"]
[WhiteElo "1800"]
[BlackElo "1801"]
[PlyCount "112"]
[GameId "2160767910336671"]
[EventDate "2008.08.15"]
[EventType "swiss"]
[EventRounds "5"]
[EventCountry "CAN"]
[SourceTitle "FQE 04"]

1. c4 e5 2. Nc3 g6 3. g3 Bg7 4. Bg2 d6 5. d3 Ne7 6. Bd2 Nbc6 7. Nf3 O-O 8. O-O h6 9. Rb1 Be6 10. Ne1 Qd7 11. b4 Bh3 12. b5 Nd4 13. Bxh3 Qxh3 14. e3 Ne6 15. Qf3 Nc5 16. Qg2 Qxg2+ 17. Kxg2 Rad8 18. Kf3 d5 19. cxd5 Nxd5 20. Nxd5 Rxd5 21. Bb4 Rfd8 22. e4 Nxe4 23. dxe4 Rxb5 24. Nc2 c5 25. a4 Rxb4 26. Nxb4 cxb4 27. Rxb4 b6 28. a5 Bf8 29. Rb5 Bc5 30. Rc1 Rd3+ 31. Ke2 Rd4 32. f3 Kg7 33. Rbxc5 bxc5 34. Rxc5 Kf6 35. Rc7 Ra4 36. Rxa7 Ra2+ 37. Kd3 Rxh2 38. a6 Ra2 39. Ra8 Ra3+ 40. Ke2 Ra2+ 41. Ke1 Ra3 42. a7 h5 43. Kd2 Kg5 44. Ke2 h4 45. gxh4+ Kf4 46. Kd2 Kxf3 47. Re8 Rxa7 48. Rxe5 Kf4 49. Re8 Kg4 50. Rh8 Re7 51. Kd3 Kf3 52. Kd4 Rxe4+ 53. Kd5 f5 54. Rh6 Rg4 55. Ke5 f4 56. h5 Rg5+ 0-1

[Event "Lanaudiere"]
[Site "Repentigny CAN"]
[Date "2008.08.16"]
[Round "3"]
[White "Ramaswamy, Kishor"]
[Black "Leutschaft, Martin"]
[Result "1/2-1/2"]
[WhiteElo "2185"]
[BlackElo "2121"]
[PlyCount "98"]
[GameId "2160767910336672"]
[EventDate "2008.08.15"]
[EventType "swiss"]
[EventRounds "5"]
[EventCountry "CAN"]
[SourceTitle "FQE 04"]

1. d4 d5 2. Nf3 Nf6 3. Bf4 g6 4. e3 Bg7 5. Be2 O-O 6. O-O Nh5 7. c3 Nxf4 8. exf4 Qd6 9. g3 b6 10. b4 Nd7 11. Nbd2 c5 12. b5 Bb7 13. Re1 Nf6 14. Bd3 e6 15. Ne5 a6 16. a4 axb5 17. axb5 Rxa1 18. Qxa1 Ra8 19. Qb2 c4 20. Bc2 Qa3 21. Rb1 Qxb2 22. Rxb2 Ra1+ 23. Bb1 Bf8 24. Ra2 Rxa2 25. Bxa2 Ba3 26. Bxc4 dxc4 27. Ndxc4 Be7 28. Nxb6 Nd5 29. Na4 f6 30. Nd3 Kf7 31. Nac5 Bxc5 32. dxc5 Nxc3 33. c6 Ba8 34. c7 Bb7 35. Nc5 Bc8 36. b6 Nd5 37. b7 Bxb7 38. Nxb7 Nxc7 39. Nc5 Ke7 40. Kg2 Ne8 41. Kf3 Kd6 42. Ne4+ Kd5 43. Ke3 h6 44. h4 f5 45. Nd2 Nf6 46. Nf3 Ng4+ 47. Ke2 Ke4 48. Nd2+ Kd4 49. Nf3+ Ke4 1/2-1/2

[Event "Lanaudiere"]
[Site "Repentigny CAN"]
[Date "2008.08.16"]
[Round "3"]
[White "Sauve, Richard"]
[Black "Allard, Laurent"]
[Result "1-0"]
[WhiteElo "2040"]
[BlackElo "1784"]
[PlyCount "57"]
[GameId "2160767910336673"]
[EventDate "2008.08.15"]
[EventType "swiss"]
[EventRounds "5"]
[EventCountry "CAN"]
[SourceTitle "FQE 04"]

1. d4 Nf6 2. c4 g6 3. Nc3 Bg7 4. e4 d6 5. f3 O-O 6. Be3 e5 7. Nge2 Nc6 8. d5 Ne7 9. Qd2 c5 10. g4 a6 11. h4 Bd7 12. Ng3 Ne8 13. h5 f5 14. gxf5 gxf5 15. h6 Bf6 16. Nh5 f4 17. Bf2 Ng6 18. O-O-O Bg5 19. Bh3 Bxh6 20. Bxd7 Qxd7 21. Rdg1 Bg7 22. Be1 Nf6 23. Qh2 Nxh5 24. Qxh5 Bf6 25. Bh4 Bxh4 26. Rxh4 Rae8 27. Rxg6+ hxg6 28. Qh8+ Kf7 29. Rh7# 1-0

[Event "Lanaudiere"]
[Site "Repentigny CAN"]
[Date "2008.08.16"]
[Round "3"]
[White "Trinh, Tri Bao"]
[Black "Giroux, Robert"]
[Result "1-0"]
[WhiteElo "2089"]
[BlackElo "1930"]
[PlyCount "53"]
[GameId "2160767910336674"]
[EventDate "2008.08.15"]
[EventType "swiss"]
[EventRounds "5"]
[EventCountry "CAN"]
[SourceTitle "FQE 04"]

1. c4 c5 2. Nc3 g6 3. g3 Bg7 4. Bg2 Nc6 5. Nf3 e5 6. O-O Nge7 7. d3 d6 8. Rb1 O-O 9. a3 a5 10. Ne1 Rb8 11. Nc2 Be6 12. Ne3 f5 13. Ned5 Bxd5 14. cxd5 Na7 15. b4 axb4 16. axb4 e4 17. Qb3 Bxc3 18. Qxc3 Nb5 19. Qb2 exd3 20. bxc5 dxe2 21. Re1 Na7 22. Qxe2 Nec8 23. Qe6+ Rf7 24. Bh6 Qf6 25. Qxf6 Rxf6 26. Re8+ Kf7 27. Rf8+ 1-0

[Event "Lanaudiere"]
[Site "Repentigny CAN"]
[Date "2008.08.16"]
[Round "4"]
[White "Arseneault, Marc"]
[Black "Giroux, Robert"]
[Result "1-0"]
[WhiteElo "1809"]
[BlackElo "1930"]
[PlyCount "147"]
[GameId "2160767910336675"]
[EventDate "2008.08.15"]
[EventType "swiss"]
[EventRounds "5"]
[EventCountry "CAN"]
[SourceTitle "FQE 04"]

1. c4 c5 2. Nf3 g6 3. Nc3 Bg7 4. e3 Nf6 5. d4 cxd4 6. exd4 d5 7. Be2 dxc4 8. O-O O-O 9. h3 Nc6 10. Bxc4 Na5 11. Be2 Be6 12. Bf4 Nd5 13. Bh2 Nxc3 14. bxc3 Rc8 15. Qd2 Nc4 16. Bxc4 Bxc4 17. Rfe1 e6 18. Qb2 Qd5 19. Ne5 Rfd8 20. a4 Ba6 21. Re3 f6 22. Nd3 Bxd3 23. Rxd3 Rc4 24. Re3 Bh6 25. f4 e5 26. dxe5 Rxf4 27. Bxf4 Bxf4 28. Rf3 Qc5+ 29. Qf2 Qxf2+ 30. Kxf2 Bxe5 31. Rb1 b6 32. Ke2 Rc8 33. Kd2 Kf7 34. Rb5 Ke6 35. a5 Rc6 36. axb6 axb6 37. Rd3 Bd6 38. g4 Bc5 39. Rb1 f5 40. gxf5+ Kxf5 41. Rd7 h5 42. Rf1+ Kg5 43. Rd3 Rc8 44. Re1 Rc6 45. Re2 h4 46. Rd5+ Kh6 47. Rg2 Re6 48. Rg4 Bf2 49. c4 Be3+ 50. Kd3 Bf2 51. Re4 Rf6 52. Ke2 Bg3 53. Rg4 Rf2+ 54. Ke3 Rf6 55. Rd8 Kg7 56. Ke4 Kf7 57. Kd5 Ke7 58. Rh8 Rd6+ 59. Ke4 Re6+ 60. Kf3 Rf6+ 61. Ke3 Re6+ 62. Re4 Bf2+ 63. Kf3 Rxe4 64. Kxe4 Kf7 65. Kd5 g5 66. Ke5 Kg7 67. Rc8 Kg6 68. Rc6+ Kh5 69. Kf5 Bd4 70. Rg6 Be3 71. Rg8 Kh6 72. Rh8+ Kg7 73. Rh5 Kf7 74. Rxg5 1-0

[Event "Lanaudiere"]
[Site "Repentigny CAN"]
[Date "2008.08.16"]
[Round "4"]
[White "Jobin, Gilles G"]
[Black "Chevalier, Francois"]
[Result "0-1"]
[WhiteElo "1804"]
[BlackElo "1776"]
[PlyCount "92"]
[GameId "2160767910336676"]
[EventDate "2008.08.15"]
[EventType "swiss"]
[EventRounds "5"]
[EventCountry "CAN"]
[SourceTitle "EXT 2011"]
[Source "ChessBase"]
[SourceDate "2011.11.26"]
[SourceVersion "1"]
[SourceVersionDate "2011.11.26"]
[SourceQuality "1"]

1. e4 c6 2. d4 d5 3. e5 Bf5 4. Nf3 e6 5. Nc3 Nd7 6. Be3 h6 7. Qd2 Ne7 8. Be2 Bg4 9. h3 Bxf3 10. Bxf3 Nf5 11. O-O Be7 12. Ne2 Nh4 13. Kh2 Qc7 14. Nf4 Nxf3+ 15. gxf3 g5 16. Nh5 O-O-O 17. f4 f6 18. Ng7 Nf8 19. f5 fxe5 20. Kh1 exf5 21. Nxf5 Ng6 22. Nxe7+ Qxe7 23. Qe2 e4 24. c4 Qe6 25. Qg4 Qxg4 26. hxg4 Nf4 27. cxd5 Nxd5 28. Kg2 Rdf8 29. Rae1 Re8 30. f3 exf3+ 31. Rxf3 Nxe3+ 32. Rfxe3 Rxe3 33. Rxe3 Kd7 34. Rh3 Kd6 35. Kf2 Kd5 36. Ke3 Re8+ 37. Kd3 Re4 38. Rxh6 Rxd4+ 39. Kc3 a5 40. Rh7 Rc4+ 41. Kd3 b5 42. Rd7+ Kc5 43. b3 Rxg4 44. a3 Rg3+ 45. Kc2 g4 46. Rg7 Rg2+ 0-1

[Event "Lanaudiere"]
[Site "Repentigny CAN"]
[Date "2008.08.17"]
[Round "4"]
[White "Allard, Laurent"]
[Black "Lacroix, Serge"]
[Result "1/2-1/2"]
[WhiteElo "1784"]
[BlackElo "1848"]
[PlyCount "101"]
[GameId "2160767910336677"]
[EventDate "2008.08.15"]
[EventType "swiss"]
[EventRounds "5"]
[EventCountry "CAN"]
[SourceTitle "FQE 04"]

1. e4 e6 2. d4 d5 3. Nd2 Nf6 4. e5 Nfd7 5. Bd3 c5 6. c3 Nc6 7. Ne2 cxd4 8. cxd4 Qb6 9. Nf3 Bb4+ 10. Bd2 Bxd2+ 11. Qxd2 Qb4 12. Qxb4 Nxb4 13. Kd2 Nxd3 14. Kxd3 b6 15. Nc3 Ba6+ 16. Kd2 f6 17. Rhe1 fxe5 18. Nxe5 Nxe5 19. Rxe5 O-O 20. f3 Rf4 21. Ke3 Rh4 22. Rh1 Kf7 23. h3 Rc8 24. g3 Rh6 25. h4 Rf6 26. Rc1 Rc4 27. a3 Rf5 28. Rxf5+ exf5 29. Na2 Kf6 30. Rxc4 Bxc4 31. Nb4 h6 32. Nc6 a6 33. Ne5 Bb5 34. Kd2 g5 35. hxg5+ hxg5 36. f4 gxf4 37. gxf4 Kg7 38. Ke3 Kf6 39. Kf3 Ba4 40. Kg3 Bb5 41. Kh4 Ba4 42. Kh5 Bd1+ 43. Kh6 Bb3 44. Kh7 Ba4 45. Kg8 Bb5 46. Kf8 Ba4 47. Nd3 a5 48. Nf2 Bc2 49. Nh1 Ke6 50. Ng3 b5 51. Kg7 1/2-1/2

[Event "Lanaudiere"]
[Site "Repentigny CAN"]
[Date "2008.08.17"]
[Round "4"]
[White "Bolduc, Steve"]
[Black "Ye, Ling Feng"]
[Result "1/2-1/2"]
[WhiteElo "2314"]
[BlackElo "2215"]
[PlyCount "43"]
[GameId "2160767910336678"]
[EventDate "2008.08.15"]
[EventType "swiss"]
[EventRounds "5"]
[EventCountry "CAN"]
[SourceTitle "FQE 04"]

1. d4 Nf6 2. c4 g6 3. Nc3 d5 4. Nf3 Bg7 5. Bg5 Ne4 6. cxd5 Nxg5 7. Nxg5 e6 8. Qd2 exd5 9. Qe3+ Kf8 10. Qf4 Bf6 11. h4 Kg7 12. e3 c5 13. Be2 cxd4 14. exd4 Nc6 15. Rd1 Re8 16. g4 b5 17. Rd2 b4 18. Nb5 Ba6 19. Nxf7 Qe7 20. Nfd6 Bxb5 21. Nxb5 a6 22. g5 1/2-1/2

[Event "Lanaudiere"]
[Site "Repentigny CAN"]
[Date "2008.08.17"]
[Round "4"]
[White "Desjardins, Michel"]
[Black "Sauve, Richard"]
[Result "0-1"]
[WhiteElo "1928"]
[BlackElo "2040"]
[PlyCount "142"]
[GameId "2160767910336680"]
[EventDate "2008.08.15"]
[EventType "swiss"]
[EventRounds "5"]
[EventCountry "CAN"]
[SourceTitle "FQE 04"]

1. e4 e6 2. d3 d5 3. Nd2 Nf6 4. Ngf3 b6 5. g3 dxe4 6. dxe4 Bb7 7. Bb5+ Nbd7 8. Qe2 a6 9. Ba4 b5 10. Bb3 Bc5 11. O-O O-O 12. e5 Nd5 13. Ne4 Be7 14. c3 c5 15. Bc2 Qc7 16. Neg5 g6 17. Re1 Qc6 18. Be4 Qc7 19. Qf1 Bxg5 20. Bxg5 Nxe5 21. Bxd5 Nxf3+ 22. Bxf3 Bxf3 23. Bf6 Bb7 24. Re3 Qc6 25. f3 Qd5 26. Qd3 Qh5 27. Kg2 Bd5 28. Re5 Qh6 29. Qe3 Qxe3 30. Rxe3 Ra7 31. b3 Rb8 32. Rb1 a5 33. a3 Kf8 34. Kf2 a4 35. b4 cxb4 36. cxb4 Rc7 37. Be5 Rc2+ 38. Re2 Rbc8 39. Bd6+ Ke8 40. Bc5 Rxe2+ 41. Kxe2 Rd8 42. Ke3 Bc4 43. Ra1 Rd3+ 44. Ke4 Rb3 45. f4 Rb2 46. Bg1 Kd7 47. Ke5 Re2+ 48. Kf6 Ke8 49. Kg7 h5 50. Kf6 Rd2 51. Ke5 Rd3 52. Kf6 Rd5 53. Bc5 h4 54. g4 Be2 55. g5 Rf5+ 56. Kg7 Rxf4 57. Rc1 Rf5 58. Re1 Bc4 59. Rd1 Rxg5 60. Bb6 Rd5 61. Rxd5 Bxd5 62. Kf6 Be4 63. Bc5 h3 64. Bd4 Bf5 65. Bc5 Kd7 66. Kxf7 Kc6 67. Kf6 Kd5 68. Be3 Ke4 69. Bc1 Kd3 70. Bf4 Kc2 71. Be3 Kb2 0-1

[Event "Lanaudiere"]
[Site "Repentigny CAN"]
[Date "2008.08.17"]
[Round "4"]
[White "Gauthier, Denis"]
[Black "Ramaswamy, Kiran"]
[Result "0-1"]
[WhiteElo "1918"]
[BlackElo "1801"]
[PlyCount "88"]
[GameId "2160767910336681"]
[EventDate "2008.08.15"]
[EventType "swiss"]
[EventRounds "5"]
[EventCountry "CAN"]
[SourceTitle "FQE 04"]

1. d4 Nf6 2. c4 c5 3. d5 e5 4. Nc3 d6 5. e4 Be7 6. Bd3 O-O 7. Nge2 Ne8 8. O-O g6 9. Bh6 Ng7 10. Qd2 Nd7 11. a3 f5 12. exf5 gxf5 13. f4 Rf6 14. fxe5 Nxe5 15. Bxg7 Kxg7 16. Ng3 Kh8 17. Nxf5 Bxf5 18. Bxf5 Nxc4 19. Qe2 Ne5 20. Qh5 Qg8 21. Ne4 Rf7 22. Be6 Rxf1+ 23. Rxf1 Qg6 24. Qe2 Rf8 25. Rxf8+ Bxf8 26. h3 Qh6 27. Ng3 Qf4 28. Nf5 Qc1+ 29. Kh2 Qf4+ 30. Kg1 Qc1+ 31. Kh2 Qf4+ 32. Ng3 Nf7 33. Qh5 Ng5 34. Bf5 h6 35. h4 Nh7 36. Kh3 Qe5 37. Qf7 Qe7 38. Qg6 Qg7 39. Qe8 Nf6 40. Qb8 Nxd5 41. Nh5 Qf7 42. Be6 Nf4+ 43. Nxf4 Qxf4 44. Qxb7 Qe3+ 0-1

[Event "Lanaudiere"]
[Site "Repentigny CAN"]
[Date "2008.08.17"]
[Round "4"]
[White "Leutschaft, Martin"]
[Black "Forget, David"]
[Result "1/2-1/2"]
[WhiteElo "2121"]
[BlackElo "1949"]
[PlyCount "79"]
[GameId "2160767910336683"]
[EventDate "2008.08.15"]
[EventType "swiss"]
[EventRounds "5"]
[EventCountry "CAN"]
[SourceTitle "FQE 04"]

1. d4 d5 2. Nf3 c6 3. e3 Bf5 4. c4 e6 5. Qb3 Qb6 6. c5 Qxb3 7. axb3 Nf6 8. Bd2 Be7 9. b4 O-O 10. b5 Bxb1 11. Rxb1 Ne4 12. Ra1 Nxd2 13. Kxd2 Nd7 14. Bd3 g6 15. b4 Rfc8 16. bxc6 Rxc6 17. b5 Rcc8 18. Rhc1 Bf6 19. c6 bxc6 20. bxc6 Nb6 21. Ba6 Rc7 22. Bb7 Rb8 23. Rxa7 Nc4+ 24. Ke2 Nd6 25. g4 Nxb7 26. cxb7 Rcxb7 27. Rxb7 Rxb7 28. Rc8+ Kg7 29. g5 Be7 30. h4 h6 31. Kf1 hxg5 32. hxg5 Ra7 33. Kg2 Rb7 34. Rc2 Ra7 35. Kg3 Bd6+ 36. Kg4 Ra1 37. Rc6 Bb8 38. Rb6 Bc7 39. Rc6 Bb8 40. Rb6 1/2-1/2

[Event "Lanaudiere"]
[Site "Repentigny CAN"]
[Date "2008.08.17"]
[Round "4"]
[White "Nunez-Painchaud, Raphael"]
[Black "Gerard, Patrice"]
[Result "0-1"]
[WhiteElo "1800"]
[BlackElo "1824"]
[PlyCount "66"]
[GameId "2160767910336684"]
[EventDate "2008.08.15"]
[EventType "swiss"]
[EventRounds "5"]
[EventCountry "CAN"]
[SourceTitle "FQE 04"]

1. Nf3 Nf6 2. c4 c5 3. Nc3 b6 4. g3 Bb7 5. Bg2 g6 6. O-O Bg7 7. Re1 d6 8. e4 e5 9. d3 Nbd7 10. Nh4 O-O 11. f4 exf4 12. Bxf4 Ne8 13. Qd2 Ne5 14. Rf1 Nxd3 15. Bg5 Bd4+ 16. Kh1 f6 17. Bh6 Ne5 18. Bxf8 Kxf8 19. b3 Kg7 20. Nf3 Nxf3 21. Bxf3 Qe7 22. Rae1 Nc7 23. Ne2 Ne6 24. Nxd4 Nxd4 25. Bg2 Re8 26. Kg1 Qe5 27. Qf4 Qe7 28. Qg4 f5 29. exf5 Qxe1 30. f6+ Kf8 31. Rxe1 Rxe1+ 32. Bf1 Nf5 33. Kf2 Rxf1+ 0-1

[Event "Lanaudiere"]
[Site "Repentigny CAN"]
[Date "2008.08.17"]
[Round "4"]
[White "Trottier, Yves"]
[Black "Forget, Luc"]
[Result "1/2-1/2"]
[WhiteElo "1942"]
[BlackElo "2157"]
[PlyCount "94"]
[GameId "2160767910336686"]
[EventDate "2008.08.15"]
[EventType "swiss"]
[EventRounds "5"]
[EventCountry "CAN"]
[SourceTitle "FQE 04"]

1. e4 e5 2. Nf3 Nc6 3. Nc3 Nf6 4. d4 exd4 5. Nxd4 Bb4 6. Nxc6 bxc6 7. Bd3 d5 8. exd5 cxd5 9. O-O O-O 10. Bg5 c6 11. Qf3 Be7 12. Rae1 Rb8 13. Nd1 a5 14. h3 Re8 15. Re2 h6 16. Bf4 Bd6 17. Bxd6 Qxd6 18. Rxe8+ Nxe8 19. Re1 Nf6 20. Qe2 Bd7 21. Qe7 Qb4 22. a3 Qxe7 23. Rxe7 Kf8 24. Re5 g6 25. c4 Be6 26. Bxg6 dxc4 27. Be4 Rb5 28. Rxb5 cxb5 29. Bc6 b4 30. axb4 axb4 31. Kf1 Ke7 32. Ke2 Kd6 33. Bf3 Ke5 34. Kd2 Kd4 35. Ne3 Ne4+ 36. Bxe4 Kxe4 37. Nc2 b3 38. Na3 Kd4 39. Nb5+ Kc5 40. Nc3 Bf5 41. Ke3 Bd3 42. g4 f5 43. f3 fxg4 44. fxg4 Bf1 45. h4 Bd3 46. Nd1 Bc2 47. Nc3 Bd3 1/2-1/2

[Event "Lanaudiere"]
[Site "Repentigny CAN"]
[Date "2008.08.17"]
[Round "5"]
[White "Chevalier, Francois"]
[Black "Trinh, Tri Bao"]
[Result "1/2-1/2"]
[WhiteElo "1776"]
[BlackElo "2089"]
[PlyCount "43"]
[GameId "2160767910336687"]
[EventDate "2008.08.15"]
[EventType "swiss"]
[EventRounds "5"]
[EventCountry "CAN"]
[SourceTitle "FQE 04"]

1. d4 Nf6 2. Bg5 d5 3. Bxf6 exf6 4. e3 Bd6 5. c4 c6 6. Nc3 dxc4 7. Bxc4 O-O 8. Nf3 Bg4 9. h3 Bh5 10. g4 Bg6 11. h4 Qa5 12. Nd2 b5 13. h5 bxc4 14. hxg6 fxg6 15. Nxc4 Qb4 16. Nxd6 Qxd6 17. Qb3+ Kh8 18. Qc2 f5 19. g5 Qe7 20. Rg1 Nd7 21. O-O-O Rac8 22. Kb1 1/2-1/2

[Event "Lanaudiere"]
[Site "Repentigny CAN"]
[Date "2008.08.17"]
[Round "5"]
[White "Forget, David"]
[Black "De Lagrave, Sylvain"]
[Result "1/2-1/2"]
[WhiteElo "1949"]
[BlackElo "2025"]
[PlyCount "104"]
[GameId "2160767910336688"]
[EventDate "2008.08.15"]
[EventType "swiss"]
[EventRounds "5"]
[EventCountry "CAN"]
[SourceTitle "FQE 04"]

1. d4 Nf6 2. c4 c5 3. d5 e5 4. Nc3 d6 5. e4 Nbd7 6. Nf3 Be7 7. Be2 a6 8. O-O O-O 9. a4 Ne8 10. Ne1 g6 11. f4 exf4 12. Bxf4 Bf6 13. Nd3 Bd4+ 14. Kh1 Ne5 15. Nxe5 Bxe5 16. Bxe5 dxe5 17. a5 Nd6 18. b3 Qh4 19. Bf3 Bd7 20. Ne2 f5 21. g3 Qe7 22. Nc3 Rf6 23. Bg2 Raf8 24. Qe2 f4 25. gxf4 Rxf4 26. Rxf4 Rxf4 27. Rf1 Qf6 28. Kg1 Qg5 29. Rxf4 Qxf4 30. Qf3 Qc1+ 31. Kf2 Qd2+ 32. Kf1 Qc1+ 33. Kf2 Kg7 34. Ne2 Qa1 35. Qc3 Qxc3 36. Nxc3 Kf6 37. Ne2 Nf7 38. Nc1 Ke7 39. Nd3 Kd6 40. Kg3 h5 41. h4 Nh6 42. Bf3 Ng8 43. b4 cxb4 44. c5+ Kc7 45. Nxb4 Bb5 46. d6+ Kd7 47. Bg2 Nf6 48. Bh3+ Kd8 49. Kf3 Bc6 50. Nxc6+ bxc6 51. Ke3 Nd7 52. Bxd7 Kxd7 1/2-1/2